000 00273nam a2200097 4500
008 240223b |||||||| |||| 00| 0 eng d
022 _a13190906
245 _aVoice of women-Vol. 6 Issue 4 (September 2002)
246 _aA Sri Lankan journal for women's liberation
942 _cCR
999 _c4809
_d4809